| 000 | 00651cam a2200217 a 4500 | ||
|---|---|---|---|
| 001 | 672662 | ||
| 005 | 20180109071329.0 | ||
| 008 | 950728s1996 nyu 001 0 eng | ||
| 010 | _a 95037498 | ||
| 020 | _a0890438439 | ||
| 040 |
_aDLC _cDLC _dDLC |
||
| 041 | _aeng | ||
| 080 | _a648.5 | ||
| 082 | 0 | 0 |
_a648.5 KIP _220 |
| 100 | _a3 | ||
| 101 | _aSHM | ||
| 245 | 0 | 0 |
_aHow to clean practically anything / _cthe editors of Consumer Reports Books with Edward Kippel. |
| 906 |
_a7 _bcbc _corignew _d1 _eocip _f19 _gy-gencatlg |
||
| 942 |
_2ddc _cBK |
||
| 999 |
_c39897 _d39897 |
||